| 000 | 00500nam a2200181Ia 4500 | ||
|---|---|---|---|
| 999 |
_c3687 _d3687 |
||
| 003 | GBCCL | ||
| 005 | 20241126110501.0 | ||
| 008 | 171201b xxu||||| |||| 00| 0 eng d | ||
| 040 | _cgbc | ||
| 082 |
_aVER 230.046 _bHAO |
||
| 100 |
_aHaokip, Hemkhomang _97305 |
||
| 245 |
_aSystematic Theology: _bIn Thadou-Kuki / _cHemkhomang Haokip |
||
| 250 | _a3rd Ed. | ||
| 260 |
_bAuthor, _aMotbung: _c2015 |
||
| 300 |
_a332p.; _bill., _c23 cm. |
||
| 650 |
_aSystematic Theology _97259 |
||
| 942 |
_e3RD ED _2ddc _cBK _03 |
||